Harmonic analysis from fourier to wavelets / (Record no. 101244)

MARC details
000 -LEADER
fixed length control field 00803nam a22002177a 4500
005 - DATE AND TIME OF LATEST TRANSACTION
control field 20160713143737.0
010 ## - LCCN (DPL NO)
LC control number ENG-115407
020 ## - INTERNATIONAL STANDARD BOOK NUMBER
International Standard Book Number 9781470425647
Terms of availability 1140.00
035 ## - SYSTEM CONTROL NUMBER
System control number EN-98939
037 ## - SOURCE OF ACQUISITION
Source of stock number/acquisition DBAD/PUB
082 ## - DEWEY DECIMAL CLASSIFICATION NUMBER
Classification number 515.2433
100 ## - MAIN ENTRY--PERSONAL NAME
Personal name Pereyra,Maria cristina.
245 ## - TITLE STATEMENT
Title Harmonic analysis from fourier to wavelets /
Remainder of title by Maria Cristina Pereyra [and] Lesley A.Ward
260 ## - PUBLICATION, DISTRIBUTION, ETC. (IMPRINT)
Place of publication, distribution, etc Rhode Island
Name of publisher, distributor, etc American Mathematical Society
Date of publication, distribution, etc 2016
270 ## - ADDRESS
Address Distributed by-Universties Press,3-6-747/1/A & 3-6 754/1,Himayatnagar
City Hyderabad (Telagana)
Postal code 500029
300 ## - PHYSICAL DESCRIPTION
Extent xxiv,410p.
Dimensions 21cm(pbk)
490 ## - SERIES STATEMENT
Series statement vols-63 ; Student Mathematical Library
500 ## - GENERAL NOTE
General note Includes bibliographical references and Index
700 ## - ADDED ENTRY--PERSONAL NAME
Personal name Ward,Lesly A.
942 ## - ADDED ENTRY ELEMENTS (KOHA)
Source of classification or shelving scheme Dewey Decimal Classification
Item type English Books
Classification part 515.2433
Call number suffix MAR
Holdings
Withdrawn status Lost status Not for loan Collection code Home library Current library Date acquired Source of acquisition Cost, normal purchase price Full call number Barcode Copy number Cost, replacement price Koha item type
    Not For Loan Non-fiction D.B.Act.Division Bawana 12/07/2016 DBAD/PUB 2280.00 515 MAR EN-98939 1 2280.00 English Books

© Delhi Public Library
Hit Counter
free hit counter